01357nam a2200301   4500003000900000005001700009008004100026040004600067041000800113082002700121092000700148099003500155100006200190245013100252264004600383300002800429336002200457337002400479338003300503504006100536546011600597650005300713856005700766905001700823942001900840999001700859952017900876EG-GICUC20260121101144.0251105s1981    ua ||||fr|||| 00| 0 ara d  a EG-GICUCbarac EG-GICUCd EG-GICUCerda0 aara04221a341.84bا ب . ت04221  aLaw1 12	341.84 ا ب . ت	19810 aإبراهيم أحمد إبراهيمeمؤلف.10aتنازع القوانين والإختصاص القضائي الدولي/cإبراهيم أحمد إبراهيم.  aالقاهرة:bدون ناشر،c1981.  a351 ؛صفحةc24 سم  2rda contentatext  2rda mediaaComputer  2rda carrieraOnline Resource  aيحتوي على ارجاعات ببليوجرافية
  aالنص أغلبه باللغة العربية بعض النصوص الإنجليزية والفرنسية1 aتنازع القوانينxقانون دولي40uhttps://fll.law.cu.edu.eg/fulltext/bks/B12-00704.pdf  aRawan khaled  2ddcn0cBKe21  c40960d40960  00102ddc40718القانون الدولي الخاصaCUbLAW1d2025-11-05l0oLaw1 12	341.84 ا ب . ت	1981 1200704	C1pB12-00704r2025-11-05 09:15:28t1w2025-11-05yBK